| 000 | 00817nam a2200217Ii 4500 | ||
|---|---|---|---|
| 003 | JO-AjNU | ||
| 005 | 20231205100454.0 | ||
| 008 | 230605s9999||||xx |||||||||||||| ||und|| | ||
| 040 |
_aJO-AjNU _bara _erda _cJO-AjNU |
||
| 041 | _aara | ||
| 100 |
_aصالح، مخيمر _964631 _eمؤلف |
||
| 245 |
_aكمال البغية في احاديث الحلية : _b"تجريد، ترتيب، تخريج"، الجزء الاول / _cمخيمر صالح |
||
| 260 |
_aاربد : _bمنشورات جامعة اليرموك، _c2000 |
||
| 300 | _a379 صفحه | ||
| 336 |
_atext _btxt _2rdacontent |
||
| 337 |
_aunmediated _bn _2rdamedia |
||
| 338 |
_avolume _bnc _2rdacarrier |
||
| 650 | _vالحديث-اسناد-مستخرجات الحديث | ||
| 700 |
_aسمير بكار _964632 _eمنضد ومخرج |
||
| 942 |
_2lcc _cBK |
||
| 999 |
_c33091 _d33091 |
||